000 00378nam a2200145Ia 4500
008 230711s9999||||xx |||||||||||||| ||und||
041 _aENG
082 _a624
_bCH-A
100 _aChandrashekhara,K
245 0 _aAnalysis of thin concrete shells
250 _a3rd . Ed.
260 _c1988
_aNew Delhi
_bTata McGraw Hill Education Limited
650 _aCivil Engineering
942 _cBK
999 _c67
_d67